[Event "Najdorf Memorial 12th"]
[Site "Buenos Aires"]
[Date "2001.09.09"]
[Round "6"]
[White "Polgar, Judit"]
[Black "Kortschnoj, Viktor Lvovich"]
[Result "0-1"]
[WhiteElo "2686"]
[BlackElo "2617"]
[Annotator "Ftacnik,L"]
[PlyCount "114"]
[EventDate "2001.09.04"]
[EventType "tourn"]
[EventRounds "9"]
[EventCountry "ARG"]
[EventCategory "14"]
[SourceTitle "CBM 085"]
[Source "ChessBase"]
[SourceDate "2001.11.13"]
[SourceVersion "1"]
[SourceVersionDate "2001.11.13"]
[SourceQuality "1"]

1. e4 {Hecht} e6 2. d4 d5 3. Nc3 Nf6 4. Bg5 dxe4 5. Nxe4 Nbd7 6. Nf3 Be7 7.
Nxf6+ Bxf6 8. h4 O-O 9. Bd3 c5 10. c3 cxd4 11. cxd4 e5 $1 12. Qc2 (12. dxe5
Nxe5 13. Nxe5 Qa5+ 14. Kf1 Bxe5 $15) 12... h6 13. Bh7+ Kh8 14. O-O-O Qa5 {
The chess theory is often merciless, in the past the defenders tended to
achieve good results in a sharp fight. Polgar also fails to impressed with her
handling of the position.} (14... hxg5 $2 15. dxe5 (15. hxg5 Bxg5+ 16. Nxg5
Qxg5+ 17. Kb1 Re8 18. Qc4 $13) 15... g4 (15... Be7 16. hxg5 Bxg5+ 17. Nxg5
Qxg5+ 18. Kb1 g6 19. f4 $1 Qxf4 20. Bxg6+ Kg7 21. Rh7+ Kg8 22. Bxf7+ $18) 16.
exf6 gxf3 17. fxg7+ Kxg7 18. gxf3 $15) 15. Kb1 (15. Bf5 Qxa2 $15) 15... exd4
16. Bd2 (16. Bxf6 $2 Nxf6 17. Bd3 Be6 $19) (16. Bf5 Nb6 17. Bd3 Be6 $17) 16...
Qc5 17. Bf4 (17. Qxc5 Nxc5 18. Bb4 b6 19. Bc2 Bg4 $17) 17... a5 18. Rhe1 (18.
Qxc5 Nxc5 19. Bd6 Kxh7 $1 20. Bxc5 (20. Bxf8 $2 Bf5+ 21. Ka1 Rxf8 $19) 20...
Bf5+ 21. Ka1 Rfe8 (21... Bg4 22. Bxf8 Rxf8 23. Rd3 $13) 22. Bxd4 Be7 $15) 18...
Ra6 19. Bd3 (19. Bf5 Qxc2+ 20. Kxc2 Ne5 21. Bxe5 Bxf5+ 22. Kd2 Bg4 $19) 19...
Qxc2+ 20. Bxc2 (20. Kxc2 Rc6+ 21. Kd2 Nc5 22. Bb5 Rb6 23. a4 Bf5 $19) 20... Nc5
21. Ne5 $5 {[%mdl 4096] White believes in the activity of the pieces, but
Kortschnoj will work his way to excellent prospects in the endgame.} (21. Nxd4
$5 Bxh4 22. g3 Bf6 23. Be5 $15) 21... Kg8 (21... Bxh4 $5 22. g3 Bf6 23. Rxd4
Ne6 24. Rde4 Nxf4 25. Rxf4 Re6 $17) 22. Bg3 (22. Rxd4 Ne6 (22... Bxh4 23. Be3
$1 Bf6 24. Rd5 $11) 23. Rde4 Nxf4 24. Rxf4 Re8 $15) 22... Rd8 23. Nd3 (23. f4
b5 24. Bf2 Rad6 $17) 23... Rc6 24. Re2 (24. Nxc5 Rxc5 25. Bd3 Be6 $17) 24...
Bf5 25. Nxc5 Rxc5 26. Bxf5 Rxf5 27. Kc2 (27. Rd3 Rc5 28. Rc2 Rdc8 29. Rxc5 Rxc5
$17) 27... Rc5+ 28. Kd3 a4 29. Rde1 (29. Ree1 Rdc8 $17) 29... Kh7 30. Re8 (30.
Be5 Bxh4 31. g3 (31. Bxd4 $2 Bf6 32. Re4 Rcd5 $19) 31... Bg5 32. f4 f6 33. fxg5
(33. Bxd4 Rcd5 34. Re4 f5 $19) 33... hxg5 34. Bxd4 Rcd5 35. Re4 f5 $19) 30...
Rxe8 31. Rxe8 Rb5 32. Re2 (32. Kc2 d3+ 33. Kxd3 Rxb2 34. Rb8 b5 35. h5 a3 $19)
32... Kg6 $1 {It is crucial to improve the location of the king in order to
keep chances for the success alive.} 33. f3 (33. Rc2 Kf5 34. f3 Ke6 $17) 33...
Rc5 34. Bf2 (34. Rc2 Rxc2 35. Kxc2 Kf5 36. Kd3 Ke6 37. Ke4 g6 38. Bf2 Kd6 39.
Bxd4 Bxh4 $17) 34... Rc1 35. Re1 (35. Rd2 Rh1 36. g3 Rh2 37. Bg1 Rh3 38. Bf2
Be5 $1 $19) 35... Rxe1 36. Bxe1 {Hecht: 'L + MB'} Kf5 37. Bf2 (37. Bd2 Ke5 (
37... Bxh4 38. Kxd4 Bf6+ 39. Kc5 Bxb2 40. Kb6 h5 41. Kxb7 h4 42. Kb6 a3 43. Kc5
g5 $19) 38. g3 Kd5 $19) (37. h5 $5 {Hecht} Kg5 38. Ke4 Be7 (38... Kxh5 $140 $2
{Hecht} 39. Kf5 $1 {[%csl Rf6][%cal Rg2g4]}) 39. b3 axb3 40. axb3 Kxh5 41. Kxd4
Kg6 42. Ke5 h5 $17) 37... Kf4 $1 38. b3 (38. Bxd4 Bxd4 39. Kxd4 Kg3 $19) 38...
axb3 39. axb3 h5 $1 {White pawn will remain fixed on the h4 and will become
grateful object of an attack.} 40. Ke2 Ke5 41. Kd3 Kd5 42. Be1 (42. f4 {Hecht}
g6 43. g3 Bg7 44. Bg1 f5 45. Bf2 Kc5 46. Be1 Bf6 47. Bd2 Bd8 48. Be1 Bb6 49.
Bd2 Kb5 50. Be1 Ba5 51. Bf2 Bc3 $19 {Nach dem Nehmen auf d4 ist das
Bauernendspiel um ein Tempo verloren. Und} 52. Bg1 Kb4 53. Kc2 b5 54. Bf2 d3+
55. Kxd3 Kxb3 {scheidet auch aus.}) 42... g6 43. Bf2 Be5 44. Be1 f5 45. Bf2 Kc5
46. Be1 Bh2 47. g3 (47. Bf2 {Hecht} Kb4 48. Kxd4 b5 49. Kd5 Kxb3 50. Ke6 Kc4
51. Kf6 b4 52. Be3 Kd3 53. Bc5 b3 54. Ba3 Kc2 55. Kxg6 Bd6 $19) 47... Bg1 48.
Ke2 Be3 49. Kd3 Kd5 50. Ke2 (50. f4 {Hecht} b5 51. b4 Bg1 $22) 50... f4 $1 51.
gxf4 Bxf4 52. Bf2 g5 {Hecht: 'mit Bildung eines entfernten Freibauern'} 53. Kd3
gxh4 54. Bxh4 Be5 55. Bf2 Bf6 56. Bg3 h4 57. Bh2 Be5 0-1

[Event "Merida m"]
[Site "Merida"]
[Date "1996.??.??"]
[Round "8"]
[White "Hernandez Guerrero, Gilberto Eduardo"]
[Black "Kortschnoj, Viktor Lvovich"]
[Result "0-1"]
[WhiteElo "2560"]
[BlackElo "2635"]
[Annotator "Gershon,A"]
[PlyCount "106"]
[EventDate "1996.11.??"]
[EventType "match"]
[EventRounds "8"]
[EventCountry "MEX"]
[SourceTitle "CBM 056"]
[Source "ChessBase"]
[SourceDate "1997.02.01"]
[SourceVersion "1"]
[SourceVersionDate "1997.02.01"]
[SourceQuality "1"]

1. e4 {Hecht King Tyomkin,D} e6 2. d4 d5 3. Nc3 Nf6 4. Bg5 dxe4 5. Nxe4 Nbd7 6.
Nxf6+ Nxf6 7. Nf3 c5 8. Bb5+ Bd7 9. Bxd7+ Qxd7 10. Qe2 Be7 (10... cxd4 $6 11.
O-O-O Be7 (11... Bc5 12. Qe5 Be7 13. Nxd4 Rc8 14. f4 O-O 15. Nf5 Qc7 16. Nxe7+
Qxe7 17. Rd2 $16 {Fischer-Saparu 1967}) 12. Rxd4 Qc7 $6 13. Qb5+ Qc6 14. Qxc6+
bxc6 15. Rc4 c5 16. Bxf6 gxf6 17. Rd1 $16 {Mikhalchishin-Chernin/Cienfuegos/
1981}) 11. O-O-O O-O 12. dxc5 (12. Rhe1 Rfd8 13. d5 Nxd5 14. Rxd5 (14. c4 $2
Bxg5+ 15. Nxg5 Qe7 $17) 14... Qxd5 15. Bxe7 Qxa2 $1 16. Bxd8 Qa1+ 17. Kd2 Rxd8+
18. Ke3 Qxb2 $40 {Timman}) (12. Kb1 Qc7 $1 13. dxc5 Qxc5 14. Ne5 Rfd8 15. Bxf6
Bxf6 16. Nd7 Qe7 $1 (16... Qc6 $6 17. Nxf6+ gxf6 18. Qg4+ Kf8 {Timman,
J-Kortchnoj,V/1989/1/2:1/2} 19. g3 $14) 17. Qb5 a6 $1 18. Nxf6+ (18. Qxb7 $4
Rdb8 $19) 18... Qxf6 19. Qb6 Qe7 $10) 12... Qa4 13. Kb1 Bxc5 (13... Rad8 14.
Ne5 h6 15. Bxf6 Bxf6 16. f3 Rd4 17. Rxd4 Qxd4 18. Nd3 Rd8 19. Re1 Qa4 20. f4
$14 {1-0/Dolmatov,S-Gurevich,/1992/ (73)}) 14. Bxf6 gxf6 {King: In order to
break down White's centre, Black played ...c5 at an early stage, and the
consequence was that White managed to inflict some structural damage. However,
so long as Black is careful, then there should no danger to his king, and,
actually, White's options are limited by the pawn on f6: the bishop is a
better minor piece than the knight.} 15. Rd3 $146 (15. Ne1 Rfd8 16. Nd3 Bf8 17.
f4 Rd5 18. Rhf1 Rad8 $10 {1/2-1/2 Leko, P.-Korchnoi, V./Vienna AUT /1996 (24)})
15... Rfd8 16. Rhd1 Rxd3 17. Rxd3 Qg4 {King: Good move. Kills any hopes of a
kingside attack, and puts some pressure on the kingside pawns. In order to
defend the g-pawn White must make a compromise.} 18. g3 {King: Simple enough,
but another pawn moves on to the same colour as the bishop, and the knight
loses stable support from the pawn.  It is still amazing that Kortschnoj,V
manages to grind out a win.} Bb6 19. Qd2 Qf5 20. a3 Rc8 21. Nd4 Qh3 22. f4 Rd8
23. c3 (23. Nf3 Qf1+ (23... Rxd3 24. Qxd3 Qg2 25. Ka2 $10) 24. Qe1 Qxe1+ 25.
Nxe1 Rxd3 26. Nxd3 Bg1 $15) 23... h6 24. Qe2 $6 (24. Ka2 $10) 24... Bxd4 25.
Rxd4 Rxd4 26. cxd4 {[#]_|_ Hecht: Weiße Felderschwächen rund um den od4,
P-Hebel h4, Lavieren, fragliche Aktivierung des wK nach o^-Bildung} Qf5+ 27.
Kc1 Qd5 $15 {[%csl Gd4]} 28. Qf2 f5 29. Kc2 Qc4+ 30. Kd2 Qb3 31. Kc1 Qd3 32.
Qd2 Qe4 33. b3 Kg7 {[%csl Gh2,Gh4][%cal Gh6h4] After having his queen idealy
placed, black wants to create a second weakness.(h5-h4; h2).Therefore, he
brings his king closer to the "action".White, meanwhile, has nothing to do
against it.} 34. a4 Kg6 35. Qd1 Qe3+ 36. Kc2 h5 37. Qd3 Qf2+ 38. Qd2 Qg1 39.
Kb2 h4 40. gxh4 Kh5 41. d5 {The only chance to create some counterplay.} exd5
42. Qxd5 Qxh2+ 43. Ka3 Qxf4 44. Qxb7 (44. Qxf7+ $142 {Hecht} Kxh4 45. Qxb7)
44... Qd6+ 45. Ka2 Qd2+ 46. Ka3 Qc1+ 47. Kb4 (47. Ka2 $5 {Hecht}) 47... Qe1+
48. Kb5 (48. Ka3 $5 {Hecht}) 48... Qe6 49. b4 f4 $19 {Black is first!} 50. Qf3+
(50. Qxa7 f3 51. Qa8 Qe2+ 52. Kb6 f2 53. Qh8+ (53. Qd5+ Kg4 54. Qg2+ Kf4 55.
Qg5+ Kf3 56. Qh5+ Ke3 57. Qg5+ Kd3 58. Qf5+ Kd2 59. Qd5+ Ke1 $19) 53... Kg4 54.
Qg7+ Kh3 55. Qc3+ Kh2 56. Qc7+ Kg2 57. Qc6+ Qf3 58. Qc2 Kh1 $19) 50... Qg4 51.
Qd5+ Kxh4 52. Qh1+ Kg5 53. Qc1 Qd7+ (53... Qd7+ 54. Ka6 (54. Ka5 {Hecht} Qd8+
55. Kb5 Qb6+ 56. Kc4 Qc6+ $19) 54... Qxa4+ 55. Kb7 Qxb4+ $19) 0-1

[Event "Asia-chT fin 10th"]
[Site "Kuala Lumpur"]
[Date "1993.06.??"]
[Round "5"]
[White "Wang, Zili"]
[Black "Vakhidov, Tahir"]
[Result "1/2-1/2"]
[WhiteElo "2515"]
[BlackElo "2455"]
[Annotator "Glatman,V"]
[PlyCount "71"]
[EventDate "1993.06.??"]
[EventType "team"]
[EventRounds "9"]
[EventCountry "MAS"]
[SourceTitle "EXT 1998"]
[Source "ChessBase"]
[SourceDate "1997.11.17"]
[SourceVersion "1"]
[SourceVersionDate "1997.11.17"]
[SourceQuality "1"]
[WhiteTeam "China"]
[BlackTeam "Uzbekistan"]
[WhiteTeamCountry "CHN"]
[BlackTeamCountry "UZB"]

1. e4 e6 2. Nc3 d5 3. d4 Nf6 4. Bg5 dxe4 5. Nxe4 Be7 6. Bxf6 gxf6 7. Nf3 b6 8.
Bb5+ (8. c4 Bb7 9. Nc3 f5 $1 10. d5 Bf6 11. Qd2 c6 $1 12. O-O-O O-O 13. g4 $1
cxd5 14. gxf5 Kh8 $13 {Kindermann,S-Knaak,R Baden Baden 1992 Inf 56/307/}) (8.
Bd3 Bb7 9. Qd2 $5 Nd7 10. O-O-O c6 11. Qh6 {Zezjulkin,Y-Fries Nielsen,J
Gistrup 1992 Inf 56/307/} Qc7 12. Qg7 Rf8 13. Qxh7 O-O-O 14. Ng3 f5 15. Rhe1
Nf6 16. Qg7 Nd5 $44) (8. Bc4 Bb7 9. Qe2 Nd7 10. O-O-O c6 11. Rhe1 Qc7 12. Nc3
$5 Nf8 13. Ba6 Bxa6 14. Qxa6 Ng6 $10 {Ljubojevic,L-Gurevich,M Amsterdam 1991
Inf 51/275/}) 8... c6 9. Bc4 (9. Bd3 Bb7 (9... Qc7 10. Qd2 h5 $5 11. h4 Nd7 12.
O-O-O Bb7 13. Rhe1 O-O-O $13 {Strikovic,A-Cabrilo,G Yug 1989/}) 10. Qe2 Nd7 11.
O-O-O Qc7 12. Kb1 O-O-O 13. Ba6 $14 {Klovans,J-Petrosian,T SSSR 1975/}) 9...
Bb7 10. Qe2 Qc7 11. O-O $5 Nd7 12. Rfe1 O-O $5 $146 (12... O-O-O $6 13. a4 $1
Rhg8 14. Ba6 f5 15. Bxb7+ Qxb7 16. Ned2 Rg7 17. a5 b5 18. a6 Qc7 19. c4 $16 {
Ivanovic,B-Cabrilo,G Vrsac 1989/}) 13. Ng3 Kh8 14. Nh4 (14. Nf5 Bd6 (14... exf5
$2 15. Qxe7 Rae8 16. Qa3 $16) 15. Nxd6 Qxd6 16. Qe3 Rg8 $10) 14... f5 $5 (14...
Rg8 15. Qh5 $16) 15. Nhxf5 (15. Qh5 Nf6 16. Qh6 Ng4 $10) 15... Bf6 16. Ne3 Bxd4
17. c3 Bg7 18. Bd3 Nf6 $10 19. Nh5 Rad8 (19... Nxh5 20. Qxh5 h6 21. Ng4 Qf4 $10
) 20. Rad1 (20. Nxg7 Kxg7 21. Ng4 Qf4 22. Nxf6 Qxf6 $10) 20... Nxh5 21. Qxh5 h6
22. Bc2 c5 23. Nf5 Rxd1 (23... exf5 $4 24. Qxf5 $18) 24. Rxd1 Qc6 $1 25. Ne3 $8
(25. f3 $2 exf5 26. Qxf5 Qg6 $19) 25... Qc7 26. h3 Kg8 27. Qh4 Bc6 $1 28. Rd2 (
28. Ng4 Qf4 29. g3 Qg5 30. Qxg5 hxg5 31. Rd6 Rc8 $15) 28... b5 29. Qh5 Qe5 30.
Qe2 a6 31. Qd3 Rc8 (31... f5 32. Qd6 Rc8 $13) 32. Ng4 Qf4 33. Rd1 (33. g3 Qf3
$10) 33... Bd5 34. Ne3 Bc6 35. Ng4 Bd5 36. Ne3 1/2-1/2

[Event "Korinthos op 4th"]
[Site "Korinthos"]
[Date "2000.07.31"]
[Round "7"]
[White "Glek, Igor Vladimirovich"]
[Black "Volkov, Sergey"]
[Result "1-0"]
[WhiteElo "2553"]
[BlackElo "2554"]
[Annotator "Glek,I"]
[PlyCount "59"]
[EventDate "2000.07.25"]
[EventType "swiss"]
[EventRounds "9"]
[EventCountry "GRE"]
[SourceTitle "EXT 2001"]
[Source "ChessBase"]
[SourceDate "2000.11.22"]
[SourceVersion "1"]
[SourceVersionDate "2000.11.22"]
[SourceQuality "1"]

1. e4 e6 2. d4 d5 3. Nc3 Nf6 4. Bg5 dxe4 5. Nxe4 Be7 6. Bxf6 gxf6 7. Nf3 a6 8.
g3 b5 (8... f5 9. Nc3 Bf6 10. Bg2 c5 11. d5 Qb6 (11... Bxc3+ 12. bxc3 Qxd5 13.
Qxd5 exd5 14. O-O-O Be6 15. Nh4 $16) 12. Rb1 O-O 13. O-O Rd8 14. Re1 $6 (14.
Qc1 Nd7 15. Rd1 Nf8 16. Qh6 Bg7 17. Qh5 h6 18. Nd2 $16) (14. Nd2 Qc7 (14... Qb4
15. Qe2) 15. Nc4 Nc6 (15... Nd7) 16. d6 Qb8 17. Bxc6 bxc6 18. Qf3 a5 19. Na4
Ba6 20. Nab6 Rxd6 21. Nxd6 Qxb6 22. Rfd1 $16) 14... Nc6 15. Qc1 Nd4 16. Ne5 (
16. Qh6 $1) 16... Qc7 17. Nc4 $2 (17. f4) 17... b5 18. d6 Qa7 19. Ne5 $2 (19.
Na5 Rxd6 20. Ne2 Nxe2+ 21. Rxe2 Bd7 22. Nb7 Rb6 23. Nxc5 Bc6 $15) 19... Bb7 $19
{0-1 Glek,I-Short,N/ICC-0.05(+5s/z) 2000/[IG] (19)}) 9. Bg2 Bb7 10. Qe2 Bd5 (
10... Nd7 11. O-O O-O 12. Rfd1 $1 $146 Bd5 13. c3 f5 14. Ned2 c5 15. dxc5 Nxc5
16. c4 $6 (16. Nf1 $1 Qc7 17. Rxd5 $1 $36) 16... Bb7 17. Nb3 Qb6 18. Nxc5 Bxc5
19. Ne5 Bxg2 20. Kxg2 Bd4 21. cxb5 axb5 22. Rd3 Bxe5 23. Qxe5 Rfd8 24. Rxd8+
Rxd8 25. Rc1 b4 26. Rc4 Qb7+ 27. Kh3 Qa6 28. Qf4 h6 29. Rxb4 Qf1+ 30. Kh4 Kh7
31. h3 Rd5 32. Rb7 Rd8 33. Qc7 Rf8 34. Qc3 Kg6 35. Qf3 Qc1 36. Qh5+ {1/2-1/2
Glek,I-Schlosser,P/Deizisau e.V. 2000 (36)}) 11. Ned2 Nd7 (11... c5 $6 12. dxc5
Bxc5 13. O-O-O $1 $36 Ra7 14. Nb3 Be7 15. Nh4 Rd7 16. f4 Bxg2 17. Nxg2 Nc6 18.
f5 $16 e5 19. Qe4 Rxd1+ 20. Rxd1 Qc8 21. Ne3 O-O 22. Nd5 Rd8 23. Rd3 (23. g4
$16) 23... Kf8 24. a3 (24. g4) 24... a5 25. Nxe7 Nxe7 (25... Kxe7 26. Rxd8 Kxd8
27. Qd5+) 26. Nxa5 Rxd3 27. Qxd3 Nxf5 28. Nb3 (28. Qxb5 Nd4 29. Qd3 Qa8 30. b4
Qh1+ 31. Kb2 Qxh2 32. b5 $16 {/+-}) 28... Kg7 29. Kb1 (29. Qxb5 e4 30. Qe2 Nd6
31. a4) 29... Qe6 30. Qxb5 e4 31. Qe2 Nd6 32. a4 e3 33. a5 (33. Nc5 Qe5 34. Nd3
Qe4 35. a5 Nc4 36. a6 Nd2+ 37. Kc1 Qa4 38. Kd1 $18) 33... Nc4 34. Kc1 $138 (34.
Nd4 $1 Nd2+ (34... Qd5 35. Qg4+ Kf8 36. Qc8+ Kg7 37. Nf5+) 35. Kc1 Qe4 36. Qxe3
) 34... f5 35. c3 Qc6 36. Nd4 Qa4 37. Kb1 $4 $138 (37. Nxf5+ Kf6 38. Nd4 Qa1+
39. Kc2 Qxb2+ 40. Kd3 Qxe2+ 41. Kxe2 Nxa5 42. Kxe3 Ke5 43. Nf3+ $16) 37... Nd2+
38. Kc1 Qa1+ 39. Kc2 Qb1# {0-1 Glek,I-Pähtz,T/Deizisau op 2000/[IG] (39)}) 12.
O-O O-O 13. Rfd1 Nb6 $146 (13... c5) 14. c3 Na4 $6 15. Nf1 c6 16. Ne3 Qa5 $6
17. Qc2 Rac8 18. a3 $1 Rfd8 19. b3 $1 $16 Nxc3 $6 (19... Nb6 20. b4 (20. c4
bxc4 21. bxc4 Bxf3 22. Bxf3 $16) 20... Qa4 21. Qc1 $16 {XDa4}) (19... Qxc3 20.
bxa4 Qxc2 21. Nxc2 Bb3 22. Rdc1 a5 $5 (22... Bxa4 23. Nb4 c5 24. Nxa6 c4 25.
Rc3 $18) 23. Nce1 Bxa4 24. Nd3 e5 25. Nh4 $1 $18 (25. Re1 $16) 25... e4 (25...
Rxd4 26. Nf5 Rd7 27. Bh3 Rcd8 (27... Bf8 28. Ne7+ $18) 28. Nh6+ Kg7 29. Bxd7)
26. Nf4) 20. b4 Bxb4 21. axb4 Qxb4 22. Qd2 $1 (22. Rdc1 Na4 23. Nxd5 cxd5 $5
24. Qxc8 Rxc8 25. Rxc8+ Kg7 $13) 22... Bxf3 (22... Kf8 23. Rdb1 $18 (23. Ng4
$40)) (22... c5 23. Ng4 $18) 23. Bxf3 c5 24. Ng4 $1 Nxd1 (24... Rxd4 25. Nxf6+
Kf8 26. Qh6+ Ke7 27. Qg5 $1 Qc4 (27... Qb3 28. Nxh7+ Kd7 29. Nf6+ Ke7 30. Nd5+
Kf8 31. Qh6+ Ke8 32. Qh8+ Kd7 33. Nb6+ $18) 28. Nd5+ Kf8 29. Nb6 $18) 25. Qh6
$1 Qe1+ 26. Kg2 Ne3+ 27. fxe3 Qd2+ 28. Kh3 Qd3 29. Nxf6+ Kh8 30. e4 1-0

[Event "ROM-chT"]
[Site "Eforie Nord"]
[Date "2000.12.18"]
[Round "1"]
[White "Golubev, Mikhail"]
[Black "Itkis, Boris"]
[Result "0-1"]
[WhiteElo "2523"]
[BlackElo "2384"]
[Annotator "Golubev,M"]
[PlyCount "76"]
[EventDate "2000.12.18"]
[EventType "team"]
[EventRounds "5"]
[EventCountry "ROU"]
[SourceTitle "CBM 081"]
[Source "ChessBase"]
[SourceDate "2001.03.20"]
[SourceVersion "1"]
[SourceVersionDate "2001.03.20"]
[SourceQuality "1"]
[WhiteTeam "Victoria Techirghiol"]
[BlackTeam "Bucharest Electrica"]
[WhiteTeamCountry "ROU"]
[BlackTeamCountry "ROU"]

1. e4 {Finkel,A} e6 2. d4 d5 3. Nc3 Nf6 4. Bg5 dxe4 5. Nxe4 Be7 6. Bxf6 gxf6 7.
Nf3 b6 8. Bd3 Bb7 9. Qe2 c6 10. O-O-O ({Much more dangerous for black is} 10.
O-O $1 {(Finkel,A) with forthcoming c4,Nc3 and attack against black king})
10... Qc7 11. Kb1 Nd7 12. c4 O-O-O 13. d5 $2 {Finkel,A: 'This typical
breakthrough turns out to lead to the position in which white can hardly move,
so white should continue'} cxd5 $3 $146 {[%mdl 520] An absolutely shocking
novelty. The rest of the game speaks for itself.} (13... Ne5 14. Nxe5 (14. Nc3
$2 Nxd3 15. Rxd3 cxd5 16. Nb5 Qc5 17. cxd5 Kb8 18. dxe6 Rxd3 19. Qxd3 fxe6 20.
Rc1 Qd5 21. Qxd5 Bxd5 $17 {Zajarnyi,A-Itkis,B/Romania 1996}) 14... Qxe5 15.
dxe6 (15. g3 exd5 16. f4 Qe6 17. cxd5 cxd5 $15 {Eslon,J-Akvist,H/Eksjo 1976}) (
15. Qc2 {Schneider,B-Hausrath,D/Germany 1999} cxd5 $5 16. cxd5+ Kb8 $15) 15...
fxe6 16. g3 Kb8 (16... Rhe8 17. f4 Qa5 18. Nd2 Bf8 19. Nb3 Qb4 20. Bxh7 {
Durao,J-Votruba,P/Helsinki 1989}) 17. f4 Qc7 18. Rhe1 Rd4 (18... h5 19. Nc3 Bc8
20. Be4 h4 21. Qf3 Bb7 22. Bc2 $14 {Ernst,T-Rylander,D/Orebro 2000}) 19. Nc3
Bc8 20. Be4 $14 {Golubev,M-Berelovich,A/Dieren 1999}) (13... Nf8 14. dxe6 Nxe6
15. g3 $16 {Ernst,T-Borges Mateos,J/Tallinn 1989}) (13... Kb8 14. dxe6 (14. Nc3
Nc5 15. Bc2 cxd5 16. cxd5 exd5 17. Rhe1 Ne6 $13 {Zezulkin,J-Karlsson,L/
Stockholm 1992}) 14... fxe6 15. Nd4 (15. g3) (15. Bc2 Rhe8 16. Nd4 Nf8 17. Ng3
Bd6 18. Nh5 Qe7 19. Be4 Rc8 20. f4 f5 21. Bf3 a6 22. Qd3 Red8 23. Qb3 Bc5 24.
Ne2 Rxd1+ 25. Rxd1 Rd8 26. a3 Rxd1+ 27. Qxd1 a5 28. Nc1 Qd6 $11 {Lanka,
Z-Andersson,U/Tilburg 1994}) 15... Nf8 $1 $13 (15... Qe5 16. f4 $1 Qxd4 17. Bc2
$18)) (13... exd5 14. cxd5 Nc5 {Krstevski,S-Pereyra Arcija,D/Guarapuava 1995}
15. Nxc5 Bxc5 16. dxc6 $14) 14. cxd5 Bxd5 $1 (14... exd5 15. Neg5 $5 $44) 15.
Rc1 Nc5 16. b4 (16. Nxc5 $142 bxc5 $1 17. Be4 $5) 16... Nxd3 $1 17. Rxc7+ Kxc7
$17 18. Nc3 (18. a3 Nf4 19. Qc2+ Kb8 $17) 18... Bxb4 19. Nxd5+ Rxd5 20. Rd1
Rhd8 21. Qe4 Nc5 $1 22. Rc1 Ba3 $19 23. Qf4+ e5 24. Qxf6 Bxc1 25. Kxc1 Nd3+ 26.
Kc2 e4 {'-/+' Finkel,A. Finkel,A: 'Black wants to attack so he sacrifices a
couple of pawns. Even simplier was'} (26... R8d7 $1 $19 {Finkel,A}) 27. Qe7+
Kb8 28. Qxe4 Rc5+ (28... f5 $1 $19) 29. Kb3 f5 30. Qe7 Rcd5 $17 31. Qxh7 Rc8
32. Qg7 Rb5+ 33. Ka3 Ra5+ 34. Kb3 Nc1+ 35. Kb2 Rb5+ 36. Ka3 Rc2 37. Qg8+ Kb7
38. Nd4 Rxa2+ $1 0-1

[Event "Bundesliga 0405"]
[Site "Germany"]
[Date "2005.04.10"]
[Round "15.8"]
[White "Huebner, Robert"]
[Black "Gurevich, Mikhail"]
[Result "1/2-1/2"]
[WhiteElo "2624"]
[BlackElo "2630"]
[Annotator "Gurevich,M"]
[PlyCount "30"]
[EventDate "2004.11.12"]
[EventType "team-tourn"]
[EventRounds "15"]
[EventCountry "GER"]
[SourceTitle "CBM 107"]
[Source "ChessBase"]
[SourceDate "2005.08.01"]
[SourceVersion "1"]
[SourceVersionDate "2005.08.01"]
[SourceQuality "1"]
[WhiteTeam "Baden Oos"]
[BlackTeam "Porz"]
[WhiteTeamCountry "GER"]
[BlackTeamCountry "GER"]

1. e4 e6 2. d4 d5 3. Nc3 Nf6 4. Bg5 dxe4 5. Nxe4 Be7 6. Bxf6 Bxf6 7. Nf3 Nd7 8.
Bc4 a6 9. Qe2 Qe7 $5 {TN} (9... b5 10. Bd3 Bb7 11. O-O-O O-O 12. h4 Be7 (12...
Qe7 13. Neg5 g6 14. Be4 Bd5 15. Bxd5 exd5 16. Qxe7 Bxe7 17. Rhe1 Rfe8 {1/2-1/2
Davies,N-Lalic,B/Catalan Bay 2004/CBM 098 ext (17)}) 13. Kb1 Nf6 14. Neg5 (14.
Nxf6+ Bxf6 15. Ng5 g6 16. Be4 Bd5 17. f4 Rc8 18. Qe3 h6 19. Bxd5 exd5 20. Nf3
Qe7 21. Ne5 c5 22. h5 $14 {1/2-1/2 Sutovsky,E-Navara,D/Aghia Pelagia 2004/CBM
101 ext (63)}) 14... Bd5 15. Ne5 c5 16. dxc5 Bxc5 17. Ng4 h6 18. Nxf6+ Qxf6 19.
Nh7 Qxf2 20. Qxf2 Bxf2 21. Nxf8 Rxf8 $11 {1/2-1/2 Sutovsky,E-Efimenko,Z/Sochi
RUS 2005/The Week in Chess 547 (44)}) 10. O-O-O b5 11. Bb3 O-O (11... Bb7 12.
d5 $5 Bxd5 13. Bxd5 exd5 14. Rxd5 $36) 12. Rhe1 (12. d5 $5) 12... c5 $5 13.
Nxf6+ (13. dxc5 Nxc5 14. Nxf6+ Qxf6 15. Qe5 Nxb3+ 16. axb3 Qe7 $132) 13... Nxf6
14. dxc5 Qxc5 15. Ne5 Bb7 $6 (15... Bb7 16. Nxf7 $5 Rxf7 (16... Kxf7 17. Rd7+
$18) 17. Qxe6 (17. Bxe6 Re8 $15) 17... Raf8 18. Qxf7+ (18. Qd6 $5) 18... Rxf7
19. Rd8+ Qf8 20. Bxf7+ Kxf7 21. Rxf8+ Kxf8 22. f3 Kf7 $11) (15... Re8 $5 $132 {
(/\16...Bb7)}) 1/2-1/2